000 00610nam a2200205Ia 4500
005 20250508165458.0
008 008 250505s9999 xx 000 0 eng d
020 _a978-81-85604-90-9
037 _aTextual
040 _aFEDL
_beng
_cFEDL
041 _aeng
_2eng
084 _a305.8, OOM
_qFEDL
100 _aOommen T K
245 0 _aSocial inclusion in Independent India: Dimensions and approaches
260 _aHyderabad, India
_bOrient Blackswan Private Limited
_c2014
300 _ax, 342p.
365 _aPrice varies
_b725
942 _cTEXL
_h305.8, OOM
999 _c1395343
_d1395343